Неорганическое вещество углей

Dades bibliogràfiques
Autor principal: Юдович Я. Э. Яков Эльевич
Autor corporatiu: Российская академия наук Уральское отделение Коми научный центр Институт геологии им. Н. П. Юшкина (570)
Altres autors: Кетрис М. П. Марина Петровна
Sumari:С использованием новой информации, полученной благодаря применению современных методов исследования, рассмотрены основные вопросы состава неорганического вещества (НОВ) ископаемых углей. Освещены эмпирические закономерности минералогии углей; особое внимание уделено новейшим исследованиям микро- и наноминералов в углях с помощью электронного и ионного микрозондирования. Детально рассмотрены закономерности геохимии НОВ (и в особенности геохимии элементов-примесей — РЭ) на трех уровнях организации геохимической системы: угольного пласта, угольных месторождений и угленосных бассейнов. Насыщенная огромным новым фактическим материалом книга будет необходима всем специалистам, интересующимся вещественным составом углей и озабоченным экологическими проблемами угольной промышленности.
Idioma:rus
Publicat: Екатеринбург, Изд-во УрО РАН, 2002
Matèries:
Format: MixedMaterials Llibre
KOHA link:https://koha.lib.tpu.ru/cgi-bin/koha/opac-detail.pl?biblionumber=50450

MARC

LEADER 00000nam0a2200000 4500
001 50450
005 20251219160525.0
010 |a 5-7691-1181-X 
035 |a (RuTPU)RU\TPU\book\52830 
090 |a 50450 
100 |a 20030416d2002 km y0rusy50 ca 
101 0 |a rus 
102 |a RU 
105 |a a z 001yy 
181 0 |a i   |b  e  
182 0 |a n 
183 0 |a nc  |2 RDAcarrier 
200 1 |a Неорганическое вещество углей  |f Я. Э. Юдович, М. П. Кетрис  |g Коми научный центр, Институт геологии УрО РАН 
203 |a Текст  |b визуальный  |c непосредственный 
210 |a Екатеринбург  |c Изд-во УрО РАН  |d 2002 
215 |a 423 с.  |c ил. 
283 |a volume  |2 RDAcarrier 
320 |a Библиогр.: с. 353-398 
320 |a Указ.: с. 399-418 
330 |a С использованием новой информации, полученной благодаря применению современных методов исследования, рассмотрены основные вопросы состава неорганического вещества (НОВ) ископаемых углей. Освещены эмпирические закономерности минералогии углей; особое внимание уделено новейшим исследованиям микро- и наноминералов в углях с помощью электронного и ионного микрозондирования. Детально рассмотрены закономерности геохимии НОВ (и в особенности геохимии элементов-примесей — РЭ) на трех уровнях организации геохимической системы: угольного пласта, угольных месторождений и угленосных бассейнов. Насыщенная огромным новым фактическим материалом книга будет необходима всем специалистам, интересующимся вещественным составом углей и озабоченным экологическими проблемами угольной промышленности. 
610 1 |a геология 
610 1 |a ископаемый уголь 
610 1 |a неорганические вещества 
610 1 |a минералогия 
610 1 |a элементы 
610 1 |a примеси 
610 1 |a угольные пласты 
610 1 |a угольные включения 
610 1 |a угольные месторождения 
610 1 |a угленосные бассейны 
675 |a 553.94:550.4  |v 3 
700 1 |a Юдович  |b Я. Э.  |g Яков Эльевич 
701 1 |a Кетрис  |b М. П.  |g Марина Петровна 
712 0 2 |a Российская академия наук  |b Уральское отделение  |b Коми научный центр  |b Институт геологии им. Н. П. Юшкина  |c (Сыктывкар)  |c (2018- )  |4 570  |9 88432 
801 1 |a RU  |b 63413507  |c 20030416  |g PSBO 
801 2 |a RU  |b 63413507  |c 20150401  |g PSBO 
942 |c BK